[Event "Roncana op-A 9th"]
[Site "Santa Eulalia de Roncana"]
[Date "2015.10.17"]
[Round "2"]
[White "Morais Carreras, Javier"]
[Black "Canovas Pardo, Jordi"]
[Result "1-0"]
[WhiteElo "2098"]
[BlackElo "1989"]
[PlyCount "45"]
[EventDate "2015.10.03"]
[EventType "swiss"]
[EventRounds "8"]
[EventCountry "ESP"]
[SourceTitle "EXT 2017"]
[Source "ChessBase"]
[SourceDate "2016.10.25"]
[SourceVersion "1"]
[SourceVersionDate "2016.10.25"]
[SourceQuality "1"]

1. e4 c6 2. Nc3 d5 3. Nf3 dxe4 4. Nxe4 Nf6 5. Nxf6+ exf6 6. d4 Bd6 7. Be2 0-0 8. 0-0 Re8 9. Be3 Be6 10. Qd2 Qc7 11. c4 Nd7 12. Rac1 Bg4 13. h3 Bh5 14. Nh4 Bxe2 15. Qxe2 Bf4 16. Qf3 Bxe3 17. fxe3 Nf8 18. Nf5 Re6 19. d5 Re5 20. d6 Qd7 21. Nxg7 Ne6 22. Qxf6 Rxe3 23. Nf5 1-0

[Event "Roncana op-A 9th"]
[Site "Santa Eulalia de Roncana"]
[Date "2015.10.03"]
[Round "1"]
[White "Canovas Pardo, Jordi"]
[Black "Ayats Llobera, Gerard"]
[Result "1-0"]
[WhiteElo "1989"]
[BlackElo "2188"]
[PlyCount "100"]
[EventDate "2015.10.03"]
[EventType "swiss"]
[EventRounds "8"]
[EventCountry "ESP"]
[SourceTitle "EXT 2017"]
[Source "ChessBase"]
[SourceDate "2016.10.25"]
[SourceVersion "1"]
[SourceVersionDate "2016.10.25"]
[SourceQuality "1"]

1. d4 Nf6 2. Nf3 c5 3. e3 cxd4 4. exd4 d5 5. Bd3 Nc6 6. 0-0 Bg4 7. c3 e6 8. Bg5 h6 9. Bh4 Be7 10. Nbd2 0-0 11. Rc1 Rb8 12. Qc2 Bxf3 13. Nxf3 b5 14. Bg3 Bd6 15. a3 Na5 16. Bxd6 Qxd6 17. Qe2 a6 18. Ne5 Qc7 19. f4 Nd7 20. Rce1 Rbe8 21. g4 Nxe5 22. fxe5 Qe7 23. Rf3 Nc6 24. Qf2 Rb8 25. Rf1 Qe8 26. h4 Ne7 27. h5 g6 28. Bb1 Kg7 29. Qd2 g5 30. Qd3 Rh8 31. Rxf7+ Qxf7 32. Rxf7+ Kxf7 33. Qf3+ Ke8 34. Qf6 Kd7 35. Bf5 Nxf5 36. gxf5 Rhe8 37. fxe6+ Rxe6 38. Qf7+ Re7 39. Qxd5+ Kc8 40. Qc6+ Rc7 41. Qxa6+ Rbb7 42. Qxh6 Kb8 43. Qd6 Ka7 44. e6 g4 45. d5 g3 46. Qd8 Rh7 47. d6 Rbg7 48. e7 g2 49. Qa5+ Kb7 50. Qxb5+ Ka7 1-0

[Event "Moia op 1st"]
[Site "Moia"]
[Date "2013.06.09"]
[Round "4"]
[White "Costa Trave, Jaume"]
[Black "Canovas Pardo, Jordi"]
[Result "0-1"]
[WhiteElo "1986"]
[BlackElo "1744"]
[PlyCount "98"]
[EventDate "2013.05.19"]
[EventType "swiss"]
[EventRounds "8"]
[EventCountry "ESP"]
[SourceTitle "EXT 2014"]
[Source "ChessBase"]
[SourceDate "2013.11.20"]
[SourceVersion "1"]
[SourceVersionDate "2013.11.20"]
[SourceQuality "1"]

1. f4 e5 2. fxe5 d6 3. exd6 Bxd6 4. Nf3 g5 5. d4 g4 6. Ne5 Bxe5 7. dxe5 Qxd1+ 8. Kxd1 Nc6 9. Bf4 Bf5 10. e3 0-0-0+ 11. Kc1 Nb4 12. Na3 Ne7 13. Bc4 Be6 14. Bg5 Rd7 15. Bxe6 fxe6 16. c3 Nbc6 17. Nb5 Rf8 18. Bf4 Ng6 19. g3 Ngxe5 20. Kc2 Nf3 21. e4 a6 22. Na3 Rxf4 23. gxf4 Rd2+ 24. Kb3 Re2 25. Rac1 Rxe4 26. Nc4 b5 27. Ne5 Ncxe5 28. fxe5 Rxe5 29. Rc2 a5 30. a3 c5 31. Rg2 a4+ 32. Ka2 h5 33. h3 Rg5 34. hxg4 hxg4 35. Kb1 Kd7 36. Kc2 c4 37. Kd1 Kd6 38. Ke2 Ke5 39. Ke3 Kf5 40. Rh8 Ne1 41. Rf8+ Ke5 42. Re2 Nd3 43. Kd2+ Kd6 44. Kd1 g3 45. Rg2 Nxb2+ 46. Ke2 Nd3 47. Rf3 Re5+ 48. Re3 Nf4+ 49. Kf3 Rxe3+ 0-1

[Event "Mollet del Valles op 2nd"]
[Site "Mollet del Valles"]
[Date "2011.04.30"]
[Round "1"]
[White "Canovas Pardo, Jordi"]
[Black "Cruz Jimenez, Miguel"]
[Result "1/2-1/2"]
[WhiteElo "1765"]
[BlackElo "1572"]
[PlyCount "94"]
[EventDate "2011.04.30"]
[EventType "swiss"]
[EventRounds "8"]
[EventCountry "ESP"]
[SourceTitle "EXT 2024"]
[Source "ChessBase"]
[SourceDate "2023.10.10"]
[SourceVersion "1"]
[SourceVersionDate "2023.10.10"]
[SourceQuality "1"]

1. f4 Nf6 2. Nf3 d6 3. e3 Bf5 4. Nc3 e6 5. Be2 Be7 6. 0-0 0-0 7. b3 Nbd7 8. Bb2 c6 9. Nh4 Bg6 10. Nxg6 fxg6 11. Bc4 d5 12. Be2 Qc7 13. Bg4 Nxg4 14. Qxg4 Qd6 15. Ne2 Bf6 16. Bxf6 Nxf6 17. Qh3 e5 18. f5 gxf5 19. Rxf5 Ne4 20. d3 Rxf5 21. Qxf5 Rf8 22. Qh5 Nf6 23. Qg5 e4 24. d4 Qe6 25. h3 Nd7 26. Nf4 Qf7 27. h4 c5 28. Qxd5 cxd4 29. Qxd4 Qf6 30. Rd1 Rf7 31. Qxe4 Qxh4 32. Qe8+ Nf8 33. Qc8 g5 34. Qh3 Qxh3 35. Nxh3 Ne6 36. Rd6 Re7 37. Kf1 Kf7 38. Kf2 Rc7 39. Rd2 h6 40. c4 Nc5 41. Kf3 Re7 42. Nf2 h5 43. Rd5 Ne6 44. b4 Kg6 45. g3 g4+ 46. Nxg4 hxg4+ 47. Kxg4 Nc7 1/2-1/2